Statistiques concernant La lettre décisive - Présidents français

Cliquez ici pour prendre le quiz!

Statistiques générales

  • Ce quiz a été pris 3 055 fois
    (2 974 depuis la dernière actualisation)
  • Le résultat moyen est 7 sur 16

Statistiques - réponses

MotLettrePrésident% Correct
TocYRené Coty
87%
ChairCJacques Chirac
80%
CoranMEmmanuel Macron
73%
AttendrirMFrançois Mitterrand
66%
OppidumOGeorges Pompidou
66%
FeraUFélix Faure
59%
MérouDPaul Doumer
44%
AllègueDCharles de Gaulle
41%
RitesHAdolphe Thiers
31%
PioncerARaymond Poincaré
30%
BouleTÉmile Loubet
29%
MandrillEAlexandre Millerand
28%
BrûleNAlbert Lebrun
26%
CoranTSadi Carnot
24%
LouaiRVincent Auriol
22%
ProbanteALouis-Napoléon Bonaparte
15%

Distribution des résultats

Percentile par nombre de réponses

% des personnes avec chaque résultat

Votre développement - résultats

Vous n’avez pas pris ce quiz depuis la dernière actualisation